000 00665nam a2200253Ia 4500
003 OSt
005 20221007072144.0
006 a|||||r|||| 00| 0
007 ta
008 221006b |||||||| |||| 00| 0 eng d
024 _a24,953
037 _cTextual
040 _aFLL
_cFLL
_beng
041 _2eng
_aeng
082 _aZ3:2:8, L4
100 _aKeeton G. W.
_999801
245 0 _aLaw of trusts
250 _a10th
260 _aLondon
_bProfessional Books Limited UK
_c1974
300 _axci,524p
_ccm.
700 _a Sheridan L. A.
_9690157
942 _hZ3:2:8, L4
_cTEXL
_2CC
999 _c1145327
_d1145327